Scrubs Characters - Statistics

General Stats
  • This quiz has been taken 13 times
  • The average score is 12 of 68
Answer Stats
Character Name % Correct
Dr. Christopher Turk
83%
Dr. John "J.D." Dorian
83%
Dr. Percival Ulysses "Perry" Cox
83%
Isabella "Izzy" Turk
83%
Carla Espinosa
67%
Dr. Elliot Reid
67%
Janitor
58%
Dr. Robert "Bob" Kelso"
50%
Jack Cox
50%
Jennifer Dylan Cox
50%
Theodore "Ted" Buckland
42%
Dan Dorian
33%
Lily Reid
33%
Sam Dorian
33%
Sam Perry Gilligan Dorian
33%
Simon Reid
33%
Danni Sullivan
25%
Dr. Doug Murphy
25%
Dr. Keith Dudemeister
25%
Jordan Sullivan
25%
Marco Espinosa
25%
Ben Sullivan
17%
Dr. Kim Briggs
17%
Dr. Molly Clock
17%
Dr. Todd Quinlan
17%
Dr. Wen
17%
Hooch
17%
Laverne Roberts
17%
Stephanie Gooch
17%
Dr. Coleman "Colonel Doctor" Slawski
8%
Dr. Denise Mahoney
8%
Dr. Ed Dhandapani
8%
Dr. Taylor Maddox
8%
Jamie Moyer
8%
Ladinia "Lady" Williams
8%
Neena Broderick
8%
Sean Kelly
8%
Alex Hanson
0%
Craig
0%
Donny
0%
Dr. Bonnie Chang
0%
Dr. Howie Gelder
0%
Dr. Katie Collins
0%
Dr. Matthews
0%
Dr. Miller
0%
Dr. Paul Zeltzer
0%
Dr. Ronald Snoop Dogg Attending
0%
Dr. Seymour Beardfacé
0%
Dr. Sonja "Sunny" Day
0%
Franklyn
0%
Gloria
0%
Harvey Corman
0%
Jake
0%
Jason "Cabbage" Cabbagio
0%
Jill Tracy
0%
Jimmy (the overly touchy Orderly)
0%
Julie Quinn
0%
Kylie
0%
Lisa
0%
Lisa (Gift Shop Girl)
0%
Lloyd Slawski
0%
Lonnie
0%
Margo
0%
Melody O'Harra
0%
Patricia Wilk
0%
Paul Flowers
0%
Private Brian Dancer
0%
Randal Winston
0%
No matching quizzes found
Score Distribution
Percent of People with Each Score
Percentile by Number Answered
Your Score History
You have not taken this quiz